[Event "Titled Tuesday intern op 01st Nov Early"]
[Site "Chess.com INT"]
[Date "2022.11.01"]
[Round "1"]
[White "Sourath, Biswas"]
[Black "Mosutha, Thuso"]
[Result "1-0"]
[WhiteElo "2264"]
[BlackElo "1981"]
[PlyCount "85"]
[EventDate "2022.11.01"]
[EventType "swiss (blitz)"]
[EventRounds "11"]
[EventCountry "USA"]
[SourceTitle "EXT 2024"]
[Source "ChessBase"]
[SourceDate "2023.10.10"]
[SourceVersion "1"]
[SourceVersionDate "2023.10.10"]
[SourceQuality "1"]

1. d4 d5 2. Bf4 c5 3. e3 Nc6 4. Nf3 Nf6 5. Nbd2 g6 6. dxc5 Bg7 7. c3 a5 8. Bb5 0-0 9. 0-0 Nh5 10. Bg5 h6 11. Bh4 g5 12. Nd4 Nf6 13. Bg3 Bd7 14. a4 Re8 15. Bxc6 Bxc6 16. Be5 Nd7 17. Bxg7 Kxg7 18. Nf5+ Kf6 19. Nxh6 Nxc5 20. Qh5 Rf8 21. Ng4+ Kf5 22. f4 Ke6 23. Ne5 f6 24. Qh3+ Kd6 25. Nef3 gxf4 26. exf4 Kc7 27. Nd4 e5 28. fxe5 fxe5 29. Qg3 Qd6 30. Nf5 Qe6 31. Rae1 Rxf5 32. Rxf5 Qxf5 33. Rxe5 Qc2 34. Re2+ Kd8 35. Qh4+ Kc7 36. Qf4+ Kd8 37. Qf8+ Kc7 38. Qxc5 Qd1+ 39. Kf2 Rd8 40. Nf3 Qd3 41. Re7+ Kb8 42. Qb6 Qc2+ 43. Re2 1-0

[Event "Titled Tuesday intern op 12th Jul Early"]
[Site "Chess.com INT"]
[Date "2022.07.12"]
[Round "3"]
[White "Mosutha, Thuso"]
[Black "Rodchenkov, Sergey D"]
[Result "0-1"]
[WhiteElo "1945"]
[BlackElo "2346"]
[PlyCount "62"]
[EventDate "2022.07.12"]
[EventType "swiss (blitz)"]
[EventRounds "11"]
[EventCountry "USA"]
[SourceTitle "EXT 2023"]
[Source "ChessBase"]
[SourceDate "2022.10.05"]
[SourceVersion "1"]
[SourceVersionDate "2022.10.05"]
[SourceQuality "1"]

1. d4 Nf6 2. c4 c5 3. d5 e6 4. Nc3 b5 5. cxb5 Bb7 6. e4 exd5 7. exd5 d6 8. Bg5 Be7 9. Nf3 0-0 10. Bc4 Nbd7 11. 0-0 Nb6 12. Bb3 c4 13. Bc2 Nfxd5 14. Nxd5 Bxg5 15. Nxb6 axb6 16. Nxg5 Qxg5 17. f3 Rfe8 18. Re1 Rxe1+ 19. Qxe1 Bxf3 20. Qf2 Bb7 21. Rf1 f6 22. Qe2 d5 23. Re1 Qe5 24. Qf2 Qd6 25. Qf5 g6 26. Qg4 Kg7 27. Qd4 Rxa2 28. Bd1 Ra1 29. b3 Qc5 30. Re7+ Qxe7 31. Qxa1 Qe1# 0-1

[Event "Titled Tuesday intern op 28th Jun Early"]
[Site "Chess.com INT"]
[Date "2022.06.28"]
[Round "9"]
[White "D'Arruda, Ricardo D"]
[Black "Mosutha, Thuso"]
[Result "1-0"]
[WhiteElo "2271"]
[BlackElo "1949"]
[PlyCount "125"]
[EventDate "2022.06.28"]
[EventType "swiss (blitz)"]
[EventRounds "11"]
[EventCountry "USA"]
[SourceTitle "CBM 209 Extra"]
[Source "ChessBase"]
[SourceDate "2022.09.30"]
[SourceVersion "1"]
[SourceVersionDate "2022.09.30"]
[SourceQuality "1"]

1. d4 Nf6 2. Nf3 e6 3. Bf4 d5 4. e3 Be7 5. Nbd2 0-0 6. c3 c5 7. Bd3 cxd4 8. exd4 Nc6 9. 0-0 Nh5 10. Be3 h6 11. Re1 f5 12. Ne5 Qe8 13. f4 Nxe5 14. dxe5 g5 15. fxg5 hxg5 16. Nf3 Qg6 17. g4 Nf4 18. Bxf4 gxf4 19. Kh1 Kh8 20. gxf5 exf5 21. Qe2 Bc5 22. Nd4 Bxd4 23. cxd4 Be6 24. Rg1 Qh6 25. Qf3 Rg8 26. Rxg8+ Rxg8 27. Rf1 Rg3 28. Qe2 Re3 29. Qd1 Qh3 30. Be2 Rg3 31. Rf2 Bf7 32. Bf3 Qh4 33. Qd2 Rg5 34. Bg2 Rh5 35. Qxf4 Qe7 36. Bf3 Rh4 37. Qxf5 Rxd4 38. Rg2 Rh4 39. Qf6+ Qxf6 40. exf6 Rf4 41. Rf2 Rxf6 42. Kg2 d4 43. Bxb7 Rxf2+ 44. Kxf2 Bxa2 45. Kf3 Bb1 46. Be4 Ba2 47. Bd3 Bd5+ 48. Kf4 Bg2 49. Ke5 Kg7 50. Kxd4 Kf6 51. Be4 Bf1 52. h4 Kg7 53. Kc5 Kh6 54. Bf3 Bd3 55. Kc6 Bf1 56. Kb7 a6 57. Kb6 Kg6 58. Ka5 Bd3 59. Kb4 Kh6 60. Kc3 Bf1 61. Kd2 Bb5 62. Be2 Bd7 63. Ke3 1-0

[Event "Titled Tuesday intern op 28th Jun Early"]
[Site "Chess.com INT"]
[Date "2022.06.28"]
[Round "1"]
[White "Gracia Alvarez, Gerardo Antonio"]
[Black "Mosutha, Thuso"]
[Result "1-0"]
[WhiteElo "2237"]
[BlackElo "1949"]
[PlyCount "79"]
[EventDate "2022.06.28"]
[EventType "swiss (blitz)"]
[EventRounds "11"]
[EventCountry "USA"]
[SourceTitle "CBM 209 Extra"]
[Source "ChessBase"]
[SourceDate "2022.09.30"]
[SourceVersion "1"]
[SourceVersionDate "2022.09.30"]
[SourceQuality "1"]

1. e4 c5 2. Nc3 d6 3. d4 cxd4 4. Qxd4 Nf6 5. b3 a6 6. Bb2 g6 7. 0-0-0 Bg7 8. Qd2 Nc6 9. f3 0-0 10. g4 Qa5 11. Kb1 b5 12. h4 h5 13. g5 Nd7 14. Nd5 Qd8 15. Bxg7 Kxg7 16. Qc3+ Nce5 17. f4 e6 18. Ne3 b4 19. Qb2 Qb6 20. Nc4 Qc6 21. Bg2 Bb7 22. Rxd6 Qc7 23. Nxe5 Nxe5 24. Qxe5+ Kg8 25. Rxe6 Qd7 26. Rd6 Qg4 27. Bf3 Qg3 28. Qd4 Rac8 29. Rh3 Qe1+ 30. Qd1 Qe3 31. Ne2 Bxe4 32. Bxe4 Qxh3 33. Bxg6 fxg6 34. Rxg6+ Kf7 35. Rf6+ Kg7 36. Qd4 Qf1+ 37. Nc1 Qg2 38. Rh6+ Kf7 39. Qd7+ Kg8 40. Qh7# 1-0

[Event "Titled Tuesday intern op 28th Jun Early"]
[Site "Chess.com INT"]
[Date "2022.06.28"]
[Round "4"]
[White "Mosutha, Thuso"]
[Black "Golubovskis, Maksims"]
[Result "0-1"]
[WhiteElo "1949"]
[BlackElo "2219"]
[PlyCount "76"]
[EventDate "2022.06.28"]
[EventType "swiss (blitz)"]
[EventRounds "11"]
[EventCountry "USA"]
[SourceTitle "CBM 209 Extra"]
[Source "ChessBase"]
[SourceDate "2022.09.30"]
[SourceVersion "1"]
[SourceVersionDate "2022.09.30"]
[SourceQuality "1"]

1. d4 Nf6 2. c4 e6 3. Nf3 d5 4. g3 dxc4 5. Bg2 Bb4+ 6. Bd2 Bxd2+ 7. Nbxd2 b5 8. a4 c6 9. axb5 cxb5 10. Ne5 Nd5 11. 0-0 0-0 12. b3 c3 13. Ne4 b4 14. Nc5 f6 15. Nc4 Nc6 16. e4 Nb6 17. Nxb6 Qxb6 18. Nxe6 Bxe6 19. d5 Ne5 20. dxe6 Qxe6 21. f4 Rfd8 22. Qe2 Nd3 23. Rfd1 Qb6+ 24. Kf1 Nb2 25. Re1 Rd2 26. Qf3 Rad8 27. e5 fxe5 28. Rxe5 Rd1+ 29. Rxd1 Rxd1+ 30. Ke2 Rd2+ 31. Kf1 Qd8 32. Qc6 Rd1+ 33. Kf2 Nd3+ 34. Ke3 Nxe5 35. fxe5 Qd4+ 36. Kf3 Rd3+ 37. Ke2 Qe3+ 38. Kf1 Rd1# 0-1

[Event "Titled Tuesday intern op 28th Jun Early"]
[Site "Chess.com INT"]
[Date "2022.06.28"]
[Round "3"]
[White "Odegov, Artem"]
[Black "Mosutha, Thuso"]
[Result "0-1"]
[WhiteElo "2286"]
[BlackElo "1949"]
[PlyCount "98"]
[EventDate "2022.06.28"]
[EventType "swiss (blitz)"]
[EventRounds "11"]
[EventCountry "USA"]
[SourceTitle "CBM 209 Extra"]
[Source "ChessBase"]
[SourceDate "2022.09.30"]
[SourceVersion "1"]
[SourceVersionDate "2022.09.30"]
[SourceQuality "1"]

1. d4 d5 2. c4 e6 3. Nf3 Nf6 4. Nc3 Be7 5. Bg5 0-0 6. e3 h6 7. Bxf6 Bxf6 8. Qc2 b6 9. h4 Bb7 10. cxd5 exd5 11. g4 c5 12. Rd1 cxd4 13. Nxd4 Nc6 14. Nxc6 Bxc6 15. g5 d4 16. Rg1 hxg5 17. hxg5 Be5 18. Bb5 Bf3 19. Be2 Bb7 20. Nb5 Rc8 21. Qf5 Qd5 22. Nxd4 Bxd4 23. Qxd5 Bxd5 24. Rxd4 Rc1+ 25. Bd1 Bxa2 26. Kd2 Rfc8 27. g6 Rb1 28. Rb4 Rd8+ 29. Ke2 b5 30. b3 Rb2+ 31. Kf3 Rb1 32. gxf7+ Kf8 33. Ke2 Rb2+ 34. Kf3 Rdd2 35. Rf1 a6 36. Rd4 Rxd4 37. exd4 Bxb3 38. Bxb3 Rxb3+ 39. Ke4 Kxf7 40. Ra1 Rb2 41. f4 Re2+ 42. Kd5 Rf2 43. Ke5 Re2+ 44. Kf5 g6+ 45. Kg4 Re6 46. f5 Rd6 47. fxg6+ Kxg6 48. Kf3 Rxd4 49. Rxa6+ Kf5 0-1

[Event "Titled Tuesday intern op 01st Mar Early"]
[Site "Chess.com INT"]
[Date "2022.03.01"]
[Round "1"]
[White "Mosutha, Thuso"]
[Black "Pajeken, Jakob Leon"]
[Result "0-1"]
[WhiteElo "1998"]
[BlackElo "2370"]
[PlyCount "46"]
[EventDate "2022.03.01"]
[EventType "swiss (blitz)"]
[EventRounds "11"]
[EventCountry "USA"]
[SourceTitle "CBM 207 Extra"]
[Source "ChessBase"]
[SourceDate "2022.05.31"]
[SourceVersion "1"]
[SourceVersionDate "2022.05.31"]
[SourceQuality "1"]

1. d4 d5 2. Bf4 Nf6 3. Nf3 e6 4. e3 Bd6 5. Bg3 0-0 6. Bd3 b6 7. c3 Bb7 8. Nbd2 Ne4 9. Qc2 f5 10. Bxe4 fxe4 11. Ne5 Nd7 12. Nxd7 Qxd7 13. Bxd6 cxd6 14. 0-0 Ba6 15. Rfe1 Bd3 16. Qc1 Rf6 17. f3 exf3 18. Nxf3 Be4 19. Rf1 Raf8 20. Qd1 e5 21. Qe2 Qg4 22. Kh1 Rxf3 23. gxf3 Rxf3 0-1

[Event "Titled Tuesday intern op 15th Feb Early"]
[Site "Chess.com INT"]
[Date "2022.02.15"]
[Round "1"]
[White "Do Valle Cardoso, Lucas"]
[Black "Mosutha, Thuso"]
[Result "0-1"]
[WhiteElo "2214"]
[BlackElo "1998"]
[PlyCount "82"]
[EventDate "2022.02.15"]
[EventType "swiss (blitz)"]
[EventRounds "11"]
[EventCountry "USA"]
[SourceTitle "CBM 206 Extra"]
[Source "ChessBase"]
[SourceDate "2022.03.31"]
[SourceVersion "1"]
[SourceVersionDate "2022.03.31"]
[SourceQuality "1"]

1. e4 c5 2. Nf3 d6 3. Nc3 e6 4. d4 cxd4 5. Nxd4 Nf6 6. Be3 Be7 7. f3 0-0 8. Qd2 Nc6 9. 0-0-0 d5 10. exd5 exd5 11. g4 Be6 12. h4 Qa5 13. h5 Bb4 14. g5 Bxc3 15. Qxc3 Qxc3 16. bxc3 Nd7 17. f4 Bg4 18. Re1 Rfe8 19. Bg2 Nb6 20. Nb5 Nc4 21. Bc5 Rxe1+ 22. Rxe1 Bxh5 23. Bxd5 Nb6 24. Bg2 h6 25. gxh6 gxh6 26. Rg1 Kh7 27. Be4+ Bg6 28. f5 Bh5 29. Rh1 Nd7 30. Rxh5 Nxc5 31. f6+ Nxe4 32. Rh4 Nxf6 33. Nd6 Kg6 34. Nxb7 h5 35. Rc4 Ne5 36. Rc5 Nfg4 37. Kd2 h4 38. Ke2 h3 39. Kf1 h2 40. Kg2 Rh8 41. Kh1 Nf2+ 0-1

[Event "Titled Tuesday intern op 15th Feb Early"]
[Site "Chess.com INT"]
[Date "2022.02.15"]
[Round "11"]
[White "Mosutha, Thuso"]
[Black "Vusatiuk, Vladimir"]
[Result "0-1"]
[WhiteElo "1998"]
[BlackElo "2308"]
[PlyCount "120"]
[EventDate "2022.02.15"]
[EventType "swiss (blitz)"]
[EventRounds "11"]
[EventCountry "USA"]
[SourceTitle "CBM 206 Extra"]
[Source "ChessBase"]
[SourceDate "2022.03.31"]
[SourceVersion "1"]
[SourceVersionDate "2022.03.31"]
[SourceQuality "1"]

1. d4 g6 2. Bf4 Bg7 3. Nf3 d6 4. e3 Nd7 5. h3 e5 6. Bh2 Ne7 7. Be2 0-0 8. 0-0 f5 9. c4 e4 10. Nfd2 Nf6 11. Nc3 Be6 12. f3 exf3 13. Bxf3 c6 14. b3 d5 15. cxd5 Nexd5 16. Nxd5 Nxd5 17. Nc4 Nxe3 18. Nxe3 Bxd4 19. Qe2 f4 20. Bxf4 Rxf4 21. Rae1 Qb6 22. Kh1 Bxe3 23. Qxe3 Qxe3 24. Rxe3 Re8 25. Rfe1 Kf7 26. b4 Bd7 27. b5 Rxe3 28. Rxe3 cxb5 29. Bxb7 Ra4 30. Bd5+ Kf6 31. Bb3 Rd4 32. Rf3+ Ke7 33. Rf7+ Kd6 34. Rxh7 a5 35. Rg7 Bf5 36. Bf7 b4 37. Bxg6 Bxg6 38. Rxg6+ Kc5 39. Rg5+ Rd5 40. Rg8 a4 41. h4 b3 42. axb3 axb3 43. Rb8 Kc4 44. Kh2 Rb5 45. Rc8+ Kd3 46. Rd8+ Kc2 47. Rc8+ Kb2 48. g4 Ka2 49. Ra8+ Kb1 50. Re8 b2 51. g5 Kc2 52. Re2+ Kd3 53. Rxb2 Rxb2+ 54. Kg3 Ke4 55. Kg4 Rg2+ 56. Kh5 Kf5 57. g6 Rg4 58. Kh6 Rxh4+ 59. Kg7 Rg4 60. Kf7 Rxg6 0-1

[Event "Titled Tuesday intern op 15th Feb Early"]
[Site "Chess.com INT"]
[Date "2022.02.15"]
[Round "9"]
[White "Pires, Marcos Vinicius Tor"]
[Black "Mosutha, Thuso"]
[Result "0-1"]
[WhiteElo "2302"]
[BlackElo "1998"]
[PlyCount "76"]
[EventDate "2022.02.15"]
[EventType "swiss (blitz)"]
[EventRounds "11"]
[EventCountry "USA"]
[SourceTitle "CBM 206 Extra"]
[Source "ChessBase"]
[SourceDate "2022.03.31"]
[SourceVersion "1"]
[SourceVersionDate "2022.03.31"]
[SourceQuality "1"]

1. e4 e6 2. c4 d5 3. exd5 exd5 4. cxd5 Qxd5 5. Nc3 Qe5+ 6. Be2 Nf6 7. d4 Qa5 8. Nf3 Be7 9. 0-0 0-0 10. h3 Nc6 11. Bc4 Qh5 12. Ne5 Qxd1 13. Rxd1 Na5 14. Be2 Bd6 15. f4 b6 16. Bf3 Bb7 17. Bxb7 Nxb7 18. Nb5 a6 19. Nxd6 cxd6 20. Nc4 b5 21. Ne3 d5 22. f5 Nd6 23. g4 h6 24. Bd2 Rfe8 25. Re1 Nc4 26. Nxc4 dxc4 27. Bf4 Nd5 28. Bd2 Red8 29. Re5 f6 30. Re6 Kf7 31. Rae1 b4 32. Rc6 Rac8 33. Ree6 a5 34. Kf2 Ne7 35. Rc5 Rxc5 36. dxc5 Rxd2+ 37. Ke3 Rd5 38. c6 Rc5 0-1

[Event "Titled Tuesday intern op 08th Feb Early"]
[Site "Chess.com INT"]
[Date "2022.02.08"]
[Round "7"]
[White "Kanyamarala, Tarun"]
[Black "Mosutha, Thuso"]
[Result "1-0"]
[WhiteElo "2343"]
[BlackElo "1998"]
[PlyCount "103"]
[EventDate "2022.02.08"]
[EventType "swiss (blitz)"]
[EventRounds "11"]
[EventCountry "USA"]
[SourceTitle "CBM 206 Extra"]
[Source "ChessBase"]
[SourceDate "2022.03.31"]
[SourceVersion "1"]
[SourceVersionDate "2022.03.31"]
[SourceQuality "1"]

1. d4 d5 2. c4 e6 3. Nc3 Nf6 4. cxd5 exd5 5. Bg5 Be7 6. e3 0-0 7. h3 h6 8. Bf4 a6 9. Bd3 c5 10. dxc5 Bxc5 11. Nf3 Nc6 12. 0-0 Kh8 13. Rc1 Ba7 14. Ne2 d4 15. Nexd4 Nxd4 16. exd4 Bxd4 17. Nxd4 Qxd4 18. Qd2 Ne4 19. Qe3 Qxe3 20. Bxe3 Nf6 21. Bc4 b5 22. Bb3 Bf5 23. Bc5 Rfc8 24. Bxf7 Rc7 25. Bb3 Rac8 26. Be3 Bd3 27. Rxc7 Rxc7 28. Rd1 Bc4 29. Rc1 Nd5 30. Bxc4 bxc4 31. Bd4 Nf4 32. Kf1 Nd3 33. Rc2 Nb4 34. Rc1 Nxa2 35. Ra1 Nb4 36. Bc3 Nd3 37. Rxa6 Rf7 38. f3 Rb7 39. Rxh6+ Kg8 40. Rc6 Nxb2 41. Bxb2 Rxb2 42. Rxc4 Kf7 43. Kg1 Kf6 44. Kh2 Kg6 45. Kg3 Kh6 46. Rc6+ g6 47. h4 Kh5 48. Kh3 Kh6 49. g4 Rb7 50. h5 Kg5 51. Kg3 gxh5 52. f4# 1-0

[Event "Titled Tuesday intern op 08th Feb Early"]
[Site "Chess.com INT"]
[Date "2022.02.08"]
[Round "6"]
[White "Mosutha, Thuso"]
[Black "Krzywda, Andrzej"]
[Result "1-0"]
[WhiteElo "1998"]
[BlackElo "2152"]
[PlyCount "81"]
[EventDate "2022.02.08"]
[EventType "swiss (blitz)"]
[EventRounds "11"]
[EventCountry "USA"]
[SourceTitle "CBM 206 Extra"]
[Source "ChessBase"]
[SourceDate "2022.03.31"]
[SourceVersion "1"]
[SourceVersionDate "2022.03.31"]
[SourceQuality "1"]

1. d4 d5 2. c4 e6 3. Nf3 Nf6 4. g3 Bb4+ 5. Bd2 Be7 6. Bg2 0-0 7. 0-0 c6 8. cxd5 exd5 9. Nc3 Re8 10. Qc2 g6 11. Rfe1 Bf5 12. Qb3 Qb6 13. Nh4 Be6 14. Qc2 Na6 15. e3 Ng4 16. h3 Bxh4 17. hxg4 Bf6 18. f3 Rac8 19. a3 Kg7 20. b4 Qc7 21. Kf2 Nb8 22. Qd3 Nd7 23. e4 Nb6 24. e5 Be7 25. Qe3 Nc4 26. Qh6+ Kg8 27. Rh1 Bd8 28. Qxh7+ Kf8 29. Bh6+ Ke7 30. Qg7 Kd7 31. Bh3 Qb6 32. Rad1 Kc7 33. g5 Kb8 34. Bxe6 fxe6 35. Qxg6 Nxe5 36. Qxe8 Bc7 37. Qxe6 Nc4 38. Bg7 Bxg3+ 39. Kxg3 Qc7+ 40. Be5 Nxe5 41. Qxe5 1-0

[Event "Titled Tuesday intern op 08th Feb Early"]
[Site "Chess.com INT"]
[Date "2022.02.08"]
[Round "8"]
[White "Mosutha, Thuso"]
[Black "Loy, Konstantin"]
[Result "1-0"]
[WhiteElo "1998"]
[BlackElo "2268"]
[PlyCount "61"]
[EventDate "2022.02.08"]
[EventType "swiss (blitz)"]
[EventRounds "11"]
[EventCountry "USA"]
[SourceTitle "CBM 206 Extra"]
[Source "ChessBase"]
[SourceDate "2022.03.31"]
[SourceVersion "1"]
[SourceVersionDate "2022.03.31"]
[SourceQuality "1"]

1. d4 Nf6 2. c4 c5 3. d5 b5 4. cxb5 a6 5. bxa6 Bxa6 6. Nc3 g6 7. e4 Bxf1 8. Kxf1 d6 9. Nf3 Bg7 10. g3 Nbd7 11. Kg2 0-0 12. Qc2 Ra6 13. Re1 Qa8 14. b3 e6 15. dxe6 fxe6 16. Bb2 d5 17. exd5 exd5 18. Nb5 Qc6 19. a4 d4 20. Qd3 Nd5 21. Kg1 Nb4 22. Qc4+ Kh8 23. Ng5 h6 24. Ne6 Rg8 25. Nxg7 Rxg7 26. Nxd4 cxd4 27. Qxb4 Qd6 28. Qxd4 Qxd4 29. Bxd4 Rd6 30. Bxg7+ Kxg7 31. Rad1 1-0

[Event "Titled Tuesday intern op 08th Feb Early"]
[Site "Chess.com INT"]
[Date "2022.02.08"]
[Round "4"]
[White "Mosutha, Thuso"]
[Black "Pesotskiy, Mikhail"]
[Result "0-1"]
[WhiteElo "1998"]
[BlackElo "2217"]
[PlyCount "114"]
[EventDate "2022.02.08"]
[EventType "swiss (blitz)"]
[EventRounds "11"]
[EventCountry "USA"]
[SourceTitle "CBM 206 Extra"]
[Source "ChessBase"]
[SourceDate "2022.03.31"]
[SourceVersion "1"]
[SourceVersionDate "2022.03.31"]
[SourceQuality "1"]

1. d4 Nf6 2. c4 e6 3. Nf3 Bb4+ 4. Bd2 a5 5. a3 Bxd2+ 6. Nbxd2 b6 7. g3 Bb7 8. Bg2 0-0 9. 0-0 d6 10. Rc1 Nbd7 11. Qc2 Qe7 12. e4 e5 13. d5 a4 14. Ne1 Nc5 15. Nd3 Nxd3 16. Qxd3 Nd7 17. Qe3 Nc5 18. f4 Ba6 19. Kh1 b5 20. fxe5 Qxe5 21. Qc3 Rfe8 22. Rfe1 Rab8 23. cxb5 Rxb5 24. Qxe5 Rxe5 25. Nc4 Re8 26. Bf1 Rbb8 27. e5 Bxc4 28. Bxc4 Kf8 29. exd6 cxd6 30. Rxe8+ Kxe8 31. Rc2 Ke7 32. Kg2 Kf6 33. Kf3 Ke5 34. Ke3 f5 35. Rf2 g5 36. Bd3 Nxd3 37. Kxd3 f4 38. Kc4 Ke4 39. Re2+ Kf3 40. Re7 fxg3 41. hxg3 h5 42. Rg7 g4 43. Rh7 Kxg3 44. Rxh5 Rxb2 45. Rh6 Rb6 46. Kd4 Kf3 47. Rf6+ Kg2 48. Ke4 g3 49. Kf5 Kh2 50. Rh6+ Kg1 51. Rg6 g2 52. Ke4 Rb2 53. Ke3 Rb3+ 54. Ke4 Rxa3 55. Rxd6 Ra2 56. Rg6 Kf1 57. Rf6+ Rf2 0-1

[Event "Titled Tuesday intern op 01st Feb-A"]
[Site "Chess.com INT"]
[Date "2022.02.01"]
[Round "6"]
[White "Mosutha, Thuso"]
[Black "Goldin, Roman"]
[Result "0-1"]
[WhiteElo "1998"]
[BlackElo "2311"]
[PlyCount "56"]
[EventDate "2022.02.01"]
[EventType "swiss (blitz)"]
[EventRounds "11"]
[EventCountry "USA"]
[SourceTitle "CBM 206 Extra"]
[Source "ChessBase"]
[SourceDate "2022.03.31"]
[SourceVersion "1"]
[SourceVersionDate "2022.03.31"]
[SourceQuality "1"]

1. d4 Nf6 2. Bf4 d6 3. Nf3 g6 4. h3 Bg7 5. e3 0-0 6. Be2 c5 7. 0-0 Nc6 8. c3 cxd4 9. exd4 Nd5 10. Bh2 e5 11. dxe5 dxe5 12. Qb3 e4 13. Nfd2 e3 14. fxe3 Nxe3 15. Rf3 Qe7 16. Qa3 Nc2 17. Qxe7 Nxe7 18. Bd6 Nxa1 19. Bxe7 Re8 20. Rd3 Bf5 21. Re3 Nc2 22. Rg3 Rxe7 23. Bc4 Re1+ 24. Kh2 Ne3 25. Bb3 Bxb1 26. Nxb1 Nf1+ 27. Kg1 Nxg3+ 28. Kf2 Rxb1 0-1

[Event "Titled Tuesday intern op 01st Feb-A"]
[Site "Chess.com INT"]
[Date "2022.02.01"]
[Round "3"]
[White "Mosutha, Thuso"]
[Black "Kantans, Toms"]
[Result "0-1"]
[WhiteElo "1998"]
[BlackElo "2498"]
[PlyCount "162"]
[EventDate "2022.02.01"]
[EventType "swiss (blitz)"]
[EventRounds "11"]
[EventCountry "USA"]
[SourceTitle "CBM 206 Extra"]
[Source "ChessBase"]
[SourceDate "2022.03.31"]
[SourceVersion "1"]
[SourceVersionDate "2022.03.31"]
[SourceQuality "1"]

1. d4 Nf6 2. Bf4 g6 3. Nf3 Bg7 4. h3 0-0 5. e3 d6 6. Be2 b6 7. 0-0 Bb7 8. Bh2 Nbd7 9. c4 e6 10. Nc3 Ne4 11. Nxe4 Bxe4 12. Nd2 Bb7 13. Bf3 Bxf3 14. Nxf3 f5 15. Qc2 Qe7 16. e4 f4 17. e5 dxe5 18. dxe5 Rad8 19. Rfe1 a5 20. a3 Nc5 21. Rad1 g5 22. b4 axb4 23. axb4 Na6 24. b5 Nc5 25. Nd4 Qf7 26. Nc6 Rxd1 27. Rxd1 f3 28. Bg3 fxg2 29. Qe2 h5 30. h4 Bh6 31. Kxg2 Kh7 32. hxg5 Bxg5 33. Rh1 Kh6 34. f4 Bd8 35. Nd4 Rg8 36. Qf3 h4 37. Kf2 Qh5 38. Qxh5+ Kxh5 39. Bh2 Ne4+ 40. Ke3 Nc5 41. Nf3 Be7 42. Bg1 Ra8 43. Bf2 Ra3+ 44. Ke2 Ra2+ 45. Ke3 Ra3+ 46. Ke2 Nd3 47. Bxh4 Nxf4+ 48. Kf2 Nd3+ 49. Ke2 Bc5 50. Bf2+ Kg4 51. Rh4+ Kf5 52. Rh5+ Kg6 53. Rg5+ Kf7 54. Bxc5 Nxc5 55. Rh5 Rc3 56. Rh7+ Kg6 57. Rxc7 Rxc4 58. Ke3 Re4+ 59. Kf2 Rb4 60. Rc6 Rxb5 61. Nd4 Rb2+ 62. Ke3 Kf7 63. Nf3 Rb3+ 64. Kf4 Ke7 65. Ng5 Rb4+ 66. Kf3 Kd7 67. Rd6+ Ke7 68. Rd2 Rb3+ 69. Kf4 Rb4+ 70. Kf3 Nd7 71. Kg3 Nxe5 72. Re2 Rb5 73. Kh3 Rd5 74. Kg2 b5 75. Rb2 Kd6 76. Rf2 Nd3 77. Ne4+ Ke5 78. Re2 Kd4 79. Nf6 Rg5+ 80. Kf3 Rf5+ 81. Kg4 Rxf6 0-1

[Event "Titled Tuesday intern op 01st Feb-A"]
[Site "Chess.com INT"]
[Date "2022.02.01"]
[Round "9"]
[White "Mosutha, Thuso"]
[Black "Petrovic, Aleksa"]
[Result "0-1"]
[WhiteElo "1998"]
[BlackElo "2296"]
[PlyCount "62"]
[EventDate "2022.02.01"]
[EventType "swiss (blitz)"]
[EventRounds "11"]
[EventCountry "USA"]
[SourceTitle "CBM 206 Extra"]
[Source "ChessBase"]
[SourceDate "2022.03.31"]
[SourceVersion "1"]
[SourceVersionDate "2022.03.31"]
[SourceQuality "1"]

1. d4 Nf6 2. Bf4 g6 3. Nf3 Bg7 4. h3 0-0 5. e3 b6 6. Be2 Bb7 7. 0-0 d6 8. Bh2 Nbd7 9. c4 c5 10. Nc3 a6 11. d5 Rb8 12. e4 Ne8 13. Rc1 Nc7 14. Bd3 b5 15. cxb5 axb5 16. Nxb5 Nxb5 17. Bxb5 Bxb2 18. Rb1 Bg7 19. Re1 Qc7 20. Qc2 Ra8 21. a4 Ba6 22. Bc6 Rab8 23. Rxb8 Rxb8 24. Rb1 Bf6 25. Bf4 Kg7 26. Nd2 Ne5 27. Bxe5 Bxe5 28. Nc4 Bxc4 29. Rxb8 Qxb8 30. Qxc4 Qb1+ 31. Qf1 Bh2+ 0-1

[Event "Online Olym Div3 C"]
[Site "Chess.com INT"]
[Date "2021.08.29"]
[Round "9.2"]
[White "Zakareya, A Safeya"]
[Black "Mosutha, Thuso"]
[Result "0-1"]
[WhiteElo "1912"]
[BlackElo "1966"]
[PlyCount "68"]
[EventDate "2021.08.27"]
[EventType "team-tourn (rapid)"]
[EventRounds "9"]
[EventCountry "USA"]
[SourceTitle "CBM 204 Extra"]
[Source "ChessBase"]
[SourceDate "2021.11.30"]
[SourceVersion "1"]
[SourceVersionDate "2021.11.30"]
[SourceQuality "1"]
[WhiteTeam "Palestine"]
[BlackTeam "Botswana"]
[WhiteTeamCountry "PLE"]
[BlackTeamCountry "BOT"]

1. d4 Nf6 2. Bf4 d5 3. e3 g6 4. Nf3 Bg7 5. c4 0-0 6. Nc3 c5 7. dxc5 Qa5 8. cxd5 Nxd5 9. Rc1 Nxc3 10. bxc3 Bxc3+ 11. Nd2 Rd8 12. e4 Bd7 13. Qc2 Bb4 14. Bc4 Ba4 15. Bb3 Bxb3 16. axb3 Nc6 17. Rd1 Qb5 18. Qc4 Qxc4 19. bxc4 Rd7 20. Be3 Rad8 21. Ke2 Nd4+ 22. Bxd4 Rxd4 23. f3 Rxd2+ 24. Rxd2 Rxd2+ 25. Ke3 Rxg2 26. h4 Bxc5+ 27. Kf4 h5 28. Rd1 f6 29. e5 Kf7 30. exf6 Kxf6 31. Rd5 b6 32. Ke4 Re2+ 33. Kd3 Re3+ 34. Kd2 Rxf3 0-1

[Event "African Online op"]
[Site "Tornelo INT"]
[Date "2021.02.01"]
[Round "1"]
[White "Mosutha, Thuso"]
[Black "Rakotomaharo, Fy Antenaina"]
[Result "0-1"]
[WhiteElo "1966"]
[BlackElo "2422"]
[PlyCount "102"]
[EventDate "2021.02.01"]
[EventType "swiss (rapid)"]
[EventRounds "9"]
[EventCountry "NET"]
[SourceTitle "CBM 200 Extra"]
[Source "ChessBase"]
[SourceDate "2021.03.31"]
[SourceVersion "1"]
[SourceVersionDate "2021.03.31"]
[SourceQuality "1"]

1. c4 e5 2. g3 c6 3. d4 e4 4. Nc3 Bb4 5. Qc2 f5 6. Nh3 Nf6 7. Bg5 h6 8. Bxf6 Qxf6 9. e3 d6 10. a3 Bxc3+ 11. Qxc3 Be6 12. Nf4 Bf7 13. h4 g5 14. hxg5 hxg5 15. Rxh8+ Qxh8 16. Nh3 Qf6 17. 0-0-0 Nd7 18. Qa5 Nb6 19. c5 dxc5 20. dxc5 Nd5 21. Ng1 f4 22. gxf4 gxf4 23. Bh3 fxe3 24. fxe3 Nxe3 25. Re1 Qxb2+ 26. Kxb2 Nc4+ 27. Kc3 Nxa5 28. Rxe4+ Kf8 29. Rf4 Re8 30. Kb4 b6 31. Bg4 Re5 32. cxb6 axb6 33. Nf3 Rb5+ 34. Kc3 Rb3+ 35. Kc2 Kg7 36. Ne5 Bd5 37. a4 Ra3 38. Kb2 Re3 39. Nd7 Nc4+ 40. Kc2 Ra3 41. Be2 Ra2+ 42. Kd3 Rd2+ 43. Kc3 Rxe2 44. Rxc4 Bxc4 45. Kxc4 Rb2 46. Kc3 Rb1 47. Ne5 Kf6 48. Kc2 Kxe5 49. Kxb1 Kd4 50. Ka2 Kc4 51. Ka3 Kc3 0-1